| 000 | 00336nam a22001457a 4500 | ||
|---|---|---|---|
| 003 | SGT | ||
| 020 | _a9788174464736 | ||
| 082 |
_a340 _bBAN |
||
| 100 | _aC.L. Bansal | ||
| 245 | _aBusiness and Corporate Laws | ||
| 260 |
_aNEW DELHI _bExcel Books Publisher _c2006 |
||
| 300 | _a840 | ||
| 650 | _aCOMMERCE MANAGEMENT | ||
| 942 |
_2ddc _cBK _01 |
||
| 999 |
_c13850 _d13850 |
||